000
00389nam a2200133Ia 4500
008
151001s9999||||xx |||||||||||||| ||und||
100
_a
ग रा टिकेकर
245
_a
स्वच्छ हातांचा माणूस
250
_a
1
260
_b
रविराज प्रकाशन पुणे
260
_c
1984
300
_a
137
365
_b
18
999
_c
964518
_d
964515